Loading...
| Literature - European | 0 | 4 | 0 | 0 | 40 | 55 | 76.25 | 1 | 3 | 17.03 | 29.38 |
| Social Science | 0 | 3 | 0 | 1 | 30 | 31 | 45.33 | 1 | 3 | 23.69 | 32.86 |
| Fine Arts - Other | 0 | 3 | 0 | 1 | 30 | 67 | 85.67 | 2 | 3 | 9.09 | 25.00 |
| Science - Physics | 0 | 3 | 0 | 0 | 30 | 23 | 34.00 | 2 | 3 | 25.49 | 32.50 |
| Painting/Sculpture | 0 | 2 | 0 | 0 | 20 | 83 | 86.50 | 0 | 1 | 5.46 | 10.63 |
| History - Other | 0 | 2 | 0 | 0 | 20 | 64 | 69.00 | 1 | 2 | 9.27 | 20.00 |
| Literature - American | 0 | 2 | 0 | 0 | 20 | 55 | 78.50 | 1 | 2 | 7.49 | 22.50 |
| Literature - British | 0 | 2 | 0 | 0 | 20 | 69 | 93.00 | 0 | 2 | 5.04 | 17.50 |
| Fine Arts - Classical Music | 0 | 2 | 0 | 0 | 20 | 55 | 58.00 | 1 | 2 | 13.02 | 21.88 |
| Science - Other | 0 | 2 | 1 | 0 | 15 | 34 | 39.50 | 1 | 2 | 16.27 | 12.50 |
| Philosophy | 0 | 1 | 0 | 0 | 10 | 73 | 73.00 | 1 | 1 | 5.69 | 20.00 |
| Pop Culture | 0 | 1 | 0 | 0 | 10 | 17 | 17.00 | 1 | 1 | 28.18 | 33.33 |
| Religion | 0 | 1 | 0 | 0 | 10 | 87 | 87.00 | 0 | 0 | 2.70 | 5.00 |
| Science - Biology | 0 | 1 | 0 | 0 | 10 | 46 | 46.00 | 0 | 1 | 6.63 | 6.25 |
| Mythology | 0 | 1 | 0 | 0 | 10 | 70 | 70.00 | 0 | 1 | 5.50 | 10.00 |
| History - European | 0 | 1 | 0 | 1 | 10 | 96 | 96.00 | 0 | 0 | 0.13 | 2.50 |
| Literature - World | 0 | 1 | 0 | 0 | 10 | 107 | 107.00 | 0 | 0 | 1.45 | 2.50 |
| Science - Chemistry | 0 | 1 | 2 | 0 | 0 | 38 | 38.00 | 0 | 1 | 8.06 | 7.50 |